000
00214nam a2200085Ia 4500
008
120527s9999 xx 000 0 und d
100
_a
KAUFINAN, B.J.Hotchkiss
245
_a
The economics of labor markets
942
_c
BK
999
_c
25494
_d
25494